000 00429cam a22001337a 4500
008 180718b1954-56 xxu||||| |||| 00| 0 eng d
082 _aI55 M132
245 _aOperational research for management
_cedited by Joseph E. McCloskey and Florence N. Trefethen
260 _aBaltimore
_bJohns Hopkins
_c1954-56
300 _a2v.
650 _aOperations research
700 _aTrefethen, Florence N.
700 _aMcCloskey, Josephy E.
999 _c372661
_d372661